000 00274nam a2200097Ia 4500
001 652169
005 20250826154433.0
008 250824s9999 xx 000 0 und d
245 0 _adağlar
_cLaurence Ottenheimer, Donald Grant, Pierre Marie V ...
260 _bTÜBİTAK YAYINLARI
999 _c652169
_d652169